[Event "Barcelona Primavera CE op"]
[Site "Barcelona"]
[Date "2021.05.22"]
[Round "5"]
[White "Torres Julian, Marc"]
[Black "Bernat, Ernest"]
[Result "1/2-1/2"]
[WhiteElo "1699"]
[BlackElo "1835"]
[PlyCount "44"]
[EventDate "2021.04.24"]
[EventType "swiss"]
[EventRounds "9"]
[EventCountry "ESP"]
[SourceTitle "EXT 2022"]
[Source "ChessBase"]
[SourceDate "2021.10.06"]
[SourceVersion "1"]
[SourceVersionDate "2021.10.06"]
[SourceQuality "1"]

1. e4 e6 2. d3 d5 3. Nd2 dxe4 4. dxe4 e5 5. Ngf3 Bd6 6. Bc4 Nf6 7. 0-0 0-0 8. Re1 Nbd7 9. Nf1 h6 10. Ng3 Nb6 11. Bb3 c5 12. Qe2 Qc7 13. c3 c4 14. Bc2 Re8 15. h3 Bf8 16. Be3 Bc5 17. Nh4 Bf8 18. Qf3 Nbd7 19. Nhf5 Kh7 20. Rad1 g6 21. Ba4 Re6 22. Nh4 a6 1/2-1/2

[Event "Barcelona Sant Marti op-B 17th"]
[Site "Barcelona"]
[Date "2015.07.15"]
[Round "3"]
[White "Torres Julian, Marc"]
[Black "Tortosa Moros, Joan"]
[Result "1-0"]
[WhiteElo "1976"]
[BlackElo "1911"]
[PlyCount "103"]
[EventDate "2015.07.13"]
[EventType "swiss"]
[EventRounds "9"]
[EventCountry "ESP"]
[SourceTitle "EXT 2016"]
[Source "ChessBase"]
[SourceDate "2015.10.08"]
[SourceVersion "1"]
[SourceVersionDate "2015.10.08"]
[SourceQuality "1"]

1. e4 c5 2. Nf3 e6 3. d4 cxd4 4. Nxd4 a6 5. Nc3 b5 6. Bd3 Bb7 7. 0-0 Qb6 8. Be3 Bc5 9. Nce2 e5 10. Nf5 Bxe3 11. Nxe3 Nf6 12. Ng3 0-0 13. c4 bxc4 14. Nxc4 Qe6 15. Na5 Bc6 16. Bc4 Qg4 17. Nxc6 Nxc6 18. f3 Qg5 19. Nf5 Nh5 20. Qxd7 Nf4 21. Ng3 Nd4 22. Qg4 Qf6 23. Nh5 Nxh5 24. Qxh5 Qf4 25. Qg4 Qe3+ 26. Kh1 Rfc8 27. b3 a5 28. Rac1 Kf8 29. Qh5 Rc7 30. Qxe5 Ne6 31. Qd6+ Kg8 32. Rce1 Qf4 33. Qxf4 Nxf4 34. g3 Ng6 35. f4 a4 36. Bd5 Ra6 37. Rc1 Rca7 38. Rc8+ Nf8 39. Rfc1 axb3 40. axb3 Ra1 41. Rxa1 Rxa1+ 42. Kg2 Ra2+ 43. Kh3 Rb2 44. e5 g6 45. e6 fxe6 46. Bxe6+ Kg7 47. Rc7+ Kh6 48. Bd5 Rd2 49. Bc4 Nd7 50. g4 Rd4 51. Kg3 Nf8 52. g5+ 1-0

[Event "Barcelona Sant Marti op-B 17th"]
[Site "Barcelona"]
[Date "2015.07.13"]
[Round "1"]
[White "Torres Julian, Marc"]
[Black "Martinez Navarro, Miquel"]
[Result "1-0"]
[WhiteElo "1976"]
[BlackElo "1781"]
[PlyCount "87"]
[EventDate "2015.07.13"]
[EventType "swiss"]
[EventRounds "9"]
[EventCountry "ESP"]
[SourceTitle "EXT 2016"]
[Source "ChessBase"]
[SourceDate "2015.10.08"]
[SourceVersion "1"]
[SourceVersionDate "2015.10.08"]
[SourceQuality "1"]

1. e4 e5 2. Nf3 d6 3. d4 exd4 4. Bc4 Be6 5. Bxe6 fxe6 6. Nxd4 Qd7 7. 0-0 Nf6 8. Re1 e5 9. Nf3 Nc6 10. Nc3 0-0-0 11. Nd5 h6 12. c4 Nxd5 13. cxd5 Ne7 14. a4 g5 15. Be3 Kb8 16. b4 Rh7 17. b5 Nc8 18. Qb3 b6 19. a5 Qe8 20. axb6 cxb6 21. Rec1 Rdd7 22. Ne1 Rc7 23. Rc6 Rhd7 24. Nd3 Rxc6 25. bxc6 Rf7 26. Nb4 Qd8 27. Na6+ Ka8 28. Qb5 Bg7 29. c7 Qd7 30. Qb3 Kb7 31. Qc4 Bf6 32. h3 Rh7 33. Nb8 Qxc7 34. Nc6 Rd7 35. Qa6+ Ka8 36. Nxa7 Nxa7 37. Bxb6 Qb7 38. Qb5 Qc8 39. Qa4 Qb7 40. Bxa7 Qxa7 41. Qc6+ Rb7 42. Qe8+ Rb8 43. Rxa7+ Kxa7 44. Qf7+ 1-0

[Event "Barcelona Tancat Sant Marti 3rd"]
[Site "Barcelona"]
[Date "2011.03.09"]
[Round "4.4"]
[White "Romero Gamez, Francisco Javier"]
[Black "Torres Julian, Marc"]
[Result "0-1"]
[WhiteElo "1744"]
[BlackElo "1843"]
[PlyCount "112"]
[EventDate "2011.03.08"]
[EventType "tourn"]
[EventRounds "9"]
[EventCountry "ESP"]
[SourceTitle "EXT 2024"]
[Source "ChessBase"]
[SourceDate "2023.10.10"]
[SourceVersion "1"]
[SourceVersionDate "2023.10.10"]
[SourceQuality "1"]

1. e4 e5 2. Nf3 Nc6 3. Bb5 Nf6 4. 0-0 Nxe4 5. d4 Nd6 6. Bxc6 dxc6 7. dxe5 Nf5 8. Qxd8+ Kxd8 9. Bg5+ Ke8 10. Nc3 h6 11. Bd2 Ne7 12. h3 Ng6 13. Rfe1 Be7 14. a3 c5 15. g4 Kd7 16. Rad1 Kc6 17. a4 Be6 18. Be3 b6 19. Ne4 Bd5 20. Ned2 Rad8 21. c4 Be6 22. Ne4 Bxc4 23. Rc1 Bb3 24. Nfd2 Bxa4 25. b4 Nxe5 26. bxc5 Kb7 27. Rb1 Bc2 28. Ra1 Bxe4 29. Nxe4 Nf3+ 30. Kf1 Nxe1 31. cxb6 cxb6 32. Kxe1 Bb4+ 33. Ke2 Rhe8 34. f3 g6 35. Rb1 Bf8 36. Kf2 f5 37. gxf5 gxf5 38. Nf6 Re6 39. Nh5 Rd3 40. Bc1 Rd1 41. Nf4 Rc6 42. Ne2 Ba3 43. Bxa3 Rxb1 44. Nd4 Rc3 45. Bf8 f4 46. Bg7 Ra1 47. Ne2 Rca3 48. Bxa1 Rxa1 49. Nxf4 Kc6 50. Nd3 Kd6 51. Ke3 Ra4 52. f4 Ke6 53. Nb2 Ra3+ 54. Ke4 Rxh3 55. f5+ Kf6 56. Nd3 Rxd3 0-1

[Event "Barcelona Tancat Sant Marti 3rd"]
[Site "Barcelona"]
[Date "2011.03.09"]
[Round "3.3"]
[White "Torres Julian, Marc"]
[Black "Salgado Aramburen, Joan"]
[Result "1-0"]
[WhiteElo "1843"]
[BlackElo "1700"]
[PlyCount "69"]
[EventDate "2011.03.08"]
[EventType "tourn"]
[EventRounds "9"]
[EventCountry "ESP"]
[SourceTitle "EXT 2024"]
[Source "ChessBase"]
[SourceDate "2023.10.10"]
[SourceVersion "1"]
[SourceVersionDate "2023.10.10"]
[SourceQuality "1"]

1. e4 e5 2. Nf3 Nc6 3. Bb5 Bb4 4. c3 Bc5 5. 0-0 Nf6 6. d4 Bb6 7. Bg5 0-0 8. dxe5 Nxe5 9. Nxe5 c6 10. Bc4 d5 11. exd5 cxd5 12. Bxd5 Qxd5 13. Qxd5 Nxd5 14. Rd1 f6 15. Rxd5 fxg5 16. Nd3 Bf5 17. Nd2 Bxd3 18. Rxd3 Rxf2 19. Kh1 Rd8 20. Rxd8+ Bxd8 21. Rd1 h6 22. Ne4 Rf8 23. g3 h5 24. Rd7 Bb6 25. Rxb7 Re8 26. Nxg5 Bd8 27. Rb8 Kf8 28. Rxd8 Rxd8 29. Ne6+ Ke8 30. Nxd8 Kxd8 31. Kg2 Ke7 32. Kf3 Ke6 33. Ke4 g6 34. h4 Kf6 35. b4 1-0